History Quiz

Random History or Letter Quiz

Where's My President? Quiz Stats

 Plays Quiz Updated Aug 5, 2012

Challenge
Share
Tweet
Embed
Score 0/23 Timer 08:00
0 Plays Today
Postal Code President(s) % Correct
ARChester Arthur...
90.5%
WAGeorge Washington
86%
MAJames Madison...
86%
INBill Clinton...
81.2%
COCalvin Coolidge and Abraham Lincoln
80.5%
GAJames Garfield and Ronald Reagan
78.9%
MOJames Monroe and Millard Fillmore
75.8%
CAJimmy Carter
75.4%
ORGerald Ford....
70.8%
WIWoodrow Wilson
69.9%
ILMillard Fillmore and Woodrow Wilson
68.7%
MSJohn Adams and John Quincy Adams
66.6%
Postal Code President(s) % Correct
KSAndrew Jackson
65.5%
NCAbraham Lincoln
59.5%
VAMartin Van Buren
59.1%
OHAndrew Johnson and Lyndon B. Johnson
57.6%
NEJohn F. Kennedy
56.5%
NDGrover Cleveland
48.2%
NHDwight D. Eisenhower
46.5%
RIBenjamin Harrison and William Harrison
46.3%
HIGeorge Washington
45.9%
IDCalvin Coolidge
40.3%
LAGrover Cleveland
38.9%

You're not logged in!

Compare scores with friends on all Sporcle quizzes.
OR
Log In

You Might Also Like...

Show Comments

Extras

Top Quizzes Today


Score Distribution

Your Account Isn't Verified!

In order to create a playlist on Sporcle, you need to verify the email address you used during registration. Go to your Sporcle Settings to finish the process.

Report this User

Report this user for behavior that violates our Community Guidelines.

Details: